CASH'S TEXTBOOK OF NEUROLOGY FOR PHYSIOTHERAPISTS (Record no. 8381)

MARC details
000 -LEADER
fixed length control field 00464nam a22001817a 4500
005 - DATE AND TIME OF LATEST TRANSACTION
control field 20230821104927.0
008 - FIXED-LENGTH DATA ELEMENTS--GENERAL INFORMATION
fixed length control field 230817b |||||||| |||| 00| 0 eng d
020 ## - INTERNATIONAL STANDARD BOOK NUMBER
ISBN 0-7234-1834-9
041 ## - LANGUAGE CODE
Language code of text/sound track or separate title eng
082 ## - DEWEY DECIMAL CLASSIFICATION NUMBER
Classification number 616.8 DOW-C
100 ## - MAIN ENTRY--AUTHOR NAME
Personal name DOWNIE, PATRICIA A.
245 ## - TITLE STATEMENT
Title CASH'S TEXTBOOK OF NEUROLOGY FOR PHYSIOTHERAPISTS
250 ## - EDITION STATEMENT
Edition statement 4 TH ED.
260 ## - PUBLICATION, DISTRIBUTION, ETC. (IMPRINT)
Place of publication NEW DELHI
Name of publisher JAYPEE BROTHERS
Year of publication 1992
300 ## - PHYSICAL DESCRIPTION
Number of Pages 653; p
650 ## - SUBJECT ADDED ENTRY--TOPICAL TERM
Topical Term BPT
942 ## - ADDED ENTRY ELEMENTS (KOHA)
Koha item type Books
Holdings
Lost status Damaged status Collection code Home library Current library Shelving location Date acquired Source of acquisition Cost, normal purchase price Full call number Accession Number Koha item type
    Reference JRU Library JRU Library SHELF- 8- B 05/08/2023 PURCHASE 795.00 616.8 27868 Books
    PHYSIOTHERAPY JRU Library JRU Library SHELF-20-G 05/08/2023 PURCHASE 795.00 616.8 27869 Books
    PHYSIOTHERAPY JRU Library JRU Library SHELF-20-G 05/08/2023 PURCHASE 795.00 616.8 27870 Books